00752 a2200205 4500010001400000020002600014035001300040037001600053082001300069090001500082100002600097245008800123246007300211260004500284300002700329500002000356942002800376999001500404952012700419 aENG-88605 a9788120333079c275.00 aEN-72138 bDBAD / PUB14a658.4092 c9048d9048 aClarke-Epstein, Chris1 a78 Important questions every leader should ask and answer/cby Chris Clarke-Epstein aSeventy eight important questions every leader should ask and answer aNew DelhibPrentice-Hall of Indiac2007 axx, 220p. :c23cm (Hb) aIncludes index. adplcENk658.4092 / CLA c8884d8884 00102ddc40718NFICaDBADbDBADg275.00l0o658.4092 CLApEN-72138r2008-09-15 00:00:00t1u9832v275.00w2008-09-15yEN